Control económico y financiero por la alta dirección / (Registro nro. 6029)

Detalles MARC
000 -LEADER
fixed length control field 00997nam a2200253Ia 4500
003 - CONTROL NUMBER IDENTIFIER
control field OSt
005 - DATE AND TIME OF LATEST TRANSACTION
control field 20201008151051.0
008 - FIXED-LENGTH DATA ELEMENTS--GENERAL INFORMATION
fixed length control field 191128s1974 sp gr 000 0 spa d
020 ## - INTERNATIONAL STANDARD BOOK NUMBER
International Standard Book Number 8423400352
040 ## - CATALOGING SOURCE
Original cataloging agency CO-JMCR
Transcribing agency CO-JMCR
041 0# - LANGUAGE CODE
Language code of text/sound track or separate title spa
082 04 - DEWEY DECIMAL CLASSIFICATION NUMBER
Classification number 658.151 /
Item number R769c
Edition number 23
100 1# - MAIN ENTRY--PERSONAL NAME
Personal name Ronchi, Luciano,
Relator term autor
9 (RLIN) 11354
245 10 - TITLE STATEMENT
Title Control económico y financiero por la alta dirección /
Statement of responsibility, etc. Luciano Ronchi
250 ## - EDITION STATEMENT
Edition statement Tercera edición
260 ## - PUBLICATION, DISTRIBUTION, ETC.
Place of publication, distribution, etc. Bilbao :
Name of publisher, distributor, etc. Deusto,
Date of publication, distribution, etc. 1974.
300 ## - PHYSICAL DESCRIPTION
Extent 352 páginas ;
Dimensions 21 cm.
490 0# - SERIES STATEMENT
Series statement Colección Gestión
505 0# - FORMATTED CONTENTS NOTE
Formatted contents note Situación financiera de una actividad empresarial/Empresa vista como una inversión/Contabilidad de dirección/Sistemas de control de costes/Control mediante costes standard/Control presupuestario los presupuestos financieros/Balance de empresa como síntesi
650 24 - SUBJECT ADDED ENTRY--TOPICAL TERM
Topical term or geographic name entry element Control de gestión
9 (RLIN) 11355
650 24 - SUBJECT ADDED ENTRY--TOPICAL TERM
Topical term or geographic name entry element Análisis financiero.
9 (RLIN) 11294
650 24 - SUBJECT ADDED ENTRY--TOPICAL TERM
Topical term or geographic name entry element Administración financiera
9 (RLIN) 5902
942 ## - ADDED ENTRY ELEMENTS (KOHA)
Source of classification or shelving scheme Dewey Decimal Classification
Koha item type Books
Existencias
Withdrawn status Lost status Source of classification or shelving scheme Materials specified (bound volume or other part) Damaged status Not for loan Home library Current library Shelving location Date acquired Source of acquisition Full call number Barcode Date last seen Copy number Price effective from Koha item type
    Dewey Decimal Classification Compra--26/04/1979--     Biblioteca Pública José María del Castillo y Rada Biblioteca Pública José María del Castillo y Rada General Stacks 11/28/2019 Donación 658.151 / R769c 430011827 05/16/2024 Ej.1 11/28/2019 Books